| 000 | nam a22 7a 4500 | ||
|---|---|---|---|
| 999 |
_c92723 _d92723 |
||
| 003 | NALT | ||
| 005 | 20171102155310.0 | ||
| 008 | 170614b xxu||||| |||| 00| 0 eng d | ||
| 020 | _a9780314917508 | ||
| 040 | _aNALT | ||
| 090 |
_aKC 51 _bG46 2014 |
||
| 100 | 1 |
_aGlendon, Mary Ann _910 |
|
| 245 | 1 | 0 |
_aComparative legal traditions : _btext, materials and cases on Western law / _cby Mary Ann Glendon, Paolo G. Carozza, Colin B. Picker. |
| 246 | 1 | 8 | _aComparative legal traditions |
| 250 | _a4th ed. | ||
| 260 |
_aSt. Paul, MN : _bWest Academic Publishing, _c2014. |
||
| 300 | 0 |
_axxvii, 990 p. ; _c26 cm. |
|
| 490 | 0 | _aAmerican casebook series | |
| 650 | 0 |
_aCamparative law _xCases _911 |
|
| 700 | 1 |
_aCarozza, Paolo G. _912 |
|
| 700 | 1 |
_aPicker, Colin B. _913 |
|
| 850 | _aNALT | ||
| 942 |
_2local _cLB |
||
| 998 |
_aaroon _cben _b101 |
||